00680nam a2200217Ia 4500001001000000003000500010008004100015010001100056040000900067082002000076100001600096245010700112260002400219300001000243440003600253500004600289650003900335650003500374650003600409700001700445Para_7250CHAP220125s1941 xx 000 0 und d a206136 cCHAP aPA-C 636.08 B85 aSwett, W.W. aJudging dairy cattle on the basis of type and records of production /c by W.W. Swett and R.R. Graves aWashington :b USDA a30 p. aMiscellaneous Publications; 409 aEncuadernado con otros impresos similares aGanado x colecciones de escritos  aGanado lechero x mejoramiento aGanado lechero x producción  aGraves, R.R.